Návrh optimálneho bonus-malus systému využitím Bayesovskej teórie kredibility

Model zmiešaného Poissonovho rozdelenia. Určenie výšky poistného pomocou Bayesovskej teórie kredibility. Návrh optimálneho bonus – malus systému.

Salvato in:
Dettagli Bibliografici
Autore principale: Pinda, Martin
Altri autori: Fecenko, Jozef
Natura: Capitolo di libro
Lingua:slovacco
Soggetti:
Tags: Aggiungi Tag
Nessun Tag, puoi essere il primo ad aggiungerne!!

MARC

LEADER 00000nla a2200000 4500
001 0226175
005 20240502073720.6
041 0 |a slo 
044 |a SK 
245 1 0 |a Návrh optimálneho bonus-malus systému využitím Bayesovskej teórie kredibility  |c Martin Pinda, Jozef Fecenko 
520 |a Model zmiešaného Poissonovho rozdelenia. Určenie výšky poistného pomocou Bayesovskej teórie kredibility. Návrh optimálneho bonus – malus systému. 
610 2 0 |a poistenie neživotné 
610 2 0 |a poistenie vozidiel motorových 
610 2 0 |a poistné 
610 2 0 |a štatistika poistná 
610 2 0 |a štatistika aplikovaná 
610 2 0 |a teória kredibility 
610 2 0 |a odhady 
100 1 |a Pinda, Martin 
700 1 |a Fecenko, Jozef